Every D1 NCAA College in Georgia - Statistics

General Stats
  • This quiz has been taken 26 times
  • The average score is 5 of 6
Answer Stats
Hint Answer % Correct
Bulldogs Georgia
100%
Panthers Georgia St
100%
Yellow Jackets Georgia Tech
100%
Eagles Georgia Southern
88%
Owls Kennesaw St
64%
Bears Mercer
64%
No matching quizzes found
Score Distribution
Percent of People with Each Score
Percentile by Number Answered
Your Score History
You have not taken this quiz